000 00686 a2200205 4500
001 3860
005 20260407155431.0
008 260407a1978 arg spa d
003 AR-UNSa-BCEJYS
040 _aAR-UNSa-BCEJYS
_bspa
_cAR-UNSa-BCEJYS
080 _a(038)91
_xDiccionario de Geografía
245 1 0 _aDiccionario de términos geográficos
020 _a84-281-0386-0
264 1 _aBarcelona :
_bOikos-tau
_c1978
300 _a560 p.
_c22 cm.
942 _cBK
590 _aniveau_biblio:m niveau_hierar:0
100 1 _aMonkhouse, F.J.
856 4 1 _uhttps://t2.gstatic.com/images?q=tbn:ANd9GcSnuPI8BRYR55iJMbs_nTedHWn2xPeUS8gN4QgLVf7JIWU5fzUGjEx6A9E
_yImagen de portada
_qimage/jpeg
999 _c377
_d377